Introduction to Geological Maps and Structures/ (Record no. 214337)
[ view plain ]
| 000 -LEADER | |
|---|---|
| fixed length control field | 00566nam a22001937a 4500 |
| 005 - DATE AND TIME OF LATEST TRANSACTION | |
| control field | 20260120154923.0 |
| 010 ## - LCCN (DPL NO) | |
| LC control number | ENG-147541 |
| 020 ## - INTERNATIONAL STANDARD BOOK NUMBER | |
| Terms of availability | 400.00 |
| International Standard Book Number | 9789382878155 |
| 035 ## - SYSTEM CONTROL NUMBER | |
| System control number | EN-131073 |
| 037 ## - SOURCE OF ACQUISITION | |
| Source of stock number/acquisition | DBAD |
| Stock number | DPL |
| 082 ## - DEWEY DECIMAL CLASSIFICATION NUMBER | |
| Classification number | 551.80223 |
| Edition number | 4 |
| 100 ## - MAIN ENTRY--PERSONAL NAME | |
| Personal name | Roy, Asit K. |
| 245 ## - TITLE STATEMENT | |
| Title | Introduction to Geological Maps and Structures/ |
| Statement of responsibility, etc | Asit K. Roy |
| 250 ## - EDITION STATEMENT | |
| Edition statement | 4 |
| 260 ## - PUBLICATION, DISTRIBUTION, ETC. (IMPRINT) | |
| Name of publisher, distributor, etc | The World Press Pvt Ltd, |
| Place of publication, distribution, etc | Kolkata |
| Date of publication, distribution, etc | 2017 |
| 270 ## - ADDRESS | |
| Address | 37A College Street |
| City | Kolkata |
| Postal code | 700073 |
| 300 ## - PHYSICAL DESCRIPTION | |
| Extent | 236p. |
| Dimensions | 26cm(pb) |
| 942 ## - ADDED ENTRY ELEMENTS (KOHA) | |
| Source of classification or shelving scheme | Dewey Decimal Classification |
| Item type | English Books |
| Classification part | 551.80223 |
| Call number suffix | ROY |
| Withdrawn status | Lost status | Not for loan | Collection code | Home library | Current library | Date acquired | Source of acquisition | Cost, normal purchase price | Full call number | Barcode | Copy number | Cost, replacement price | Koha item type |
|---|---|---|---|---|---|---|---|---|---|---|---|---|---|
| Non-fiction | Janak Puri | Janak Puri | 20/01/2026 | Delivery of Books Act Division | 400.00 | 551.80223 ROY | EN-131073 | 1 | 400.00 | English Books |
